000 00672nam a2200205Ia 4500
003 GCL
008 140319s9999 xx 000 0 ara d
040 _aGCL /
_cGCL
082 0 4 _a791.4
_bع ف
100 1 _aعبدالمنعم الحفنى
245 1 0 _aفن التأليف والاخراج والتمثيل للتلفزيون /
_cعبدالمنعم الحفنى
300 _a164 ص
490 _aمكتبة الدراما
_v0
650 0 4 _aالتليفزيون
650 0 4 _aالافلام التلفزيونية
650 0 4 _aالاخراج التليفزيونى
650 0 4 _aالتأليف
650 0 4 _aالافلام التجريبية
942 _2ddc
_cBK
999 _c40369
_d40369